MEÇHULE YOLCULUK (Kayıt no. 815819)

MARC ayrıntıları
000 -LEADER
sabit uzunluktaki kontrol alanı 00243nam a2200097Ia 4500
001 - KONTROL NUMARASI
kontrol alanı 815819
005 - EN SON İŞLEMİN TARİH VE ZAMANI
kontrol alanı 20250826171703.0
008 - SABİT-UZUNLUKTA VERİ ÖĞELERİ--GENEL BİLGİ
sabit uzunluktaki kontrol alanı 250824s9999 xx 000 0 und d
245 #0 - ESER / YAZAR
ESER ADI MEÇHULE YOLCULUK
Yazar Adı JACK SAILOR
260 ## - YAYIN, DAĞITIM, VB.
YAYIN EVİ GENÇ HAYAT YAYINLARI
Mevcut
Düşüm durumu Kayıp durumu Hasar Durumu Ödünç verilmez Ana kütüphane Geçerli Kütüphane Edinilen tarih Toplam ödünç verme sayısı Barkod Son görüntüleme tarihi Son ödünç verme tarihi Fiyatın geçerli olmaya başladığı tarih Koha materyal türü
        AHMET KARACİĞAN ORTAOKULU AHMET KARACİĞAN ORTAOKULU 24.08.2025 6 1040419 06.04.2026 04.03.2026 26.08.2025 Kitaplar
Gemini Bilgi Teknolojileri A.Ş. tarafından düzenlenmiştir.